Sestra v diabetologii

Bibliographic Details
Format: Journal
Language:Czech
PhysicalDescription:zv. 30 cm
Published: Praha Nakladatelství GEUM 2005-
ISSN:1801-2809
Subjects:

MARC

LEADER 00000cas a2200000 a 4500
001 vtls009520451
003 SK-MaSNL
005 20260228160318.0
008 090602c20059999xr ar p 0 b0cze c
022 |a 1801-2809 
035 |a (SVKBB)vtls000311403 
040 |a SVKBB  |b slo  |c SVKBB  |d SNK  |e AACR2 
041 0 |a cze 
044 |a xr  |c CZ 
072 7 |a 616  |x Patológia. Klinická medicína  |2 konspekt 
080 |a 616.379-008.64  |2 2001 
080 |a 050  |2 2011 
080 |a (051)-027.561  |2 2011 
210 0 |a Sestra diabetol. 
222 0 |a Sestra v diabetologii 
245 0 0 |a Sestra v diabetologii 
260 |a Praha  |b Nakladatelství GEUM  |c 2005- 
300 |a zv.  |c 30 cm 
310 |a 1x ročne  |b 2016- 
321 |a 4x ročne 
362 0 |a Roč. 1, č. 1 (2005)- 
500 |a Od r. 2008-1/2010 včlenený do časopisu Kazuistiky v diabetologii, od 2/2010-1/2011 vychádzal samostatne, od č. 2/2011 opäť ako všitá príloha časopisu Kazuistiky v diabetologii, od roku 2016 vycháza samostatne 1x ročne supplementum (Pracovní den Sekce sester ČDS při diabetologických dnech v Luhačovicích) 
500 |a Podnázov v tiráži: časopis pro lékaře a zdravotní sestry 
500 |a Národná databáza ISSN uvádza koniec vydávania v r. 2011 
650 0 7 |a diabetológia  |2 SNKPH  |9 31519 
650 0 7 |a Diabetology  |2 SNKPHeng  |9 266091 
655 7 |a odborné časopisy  |2 SNKPH  |9 70505 
655 7 |a Professional journals  |2 SNKPHeng  |9 265007 
772 0 |t Kazuistiky v diabetologii  |x 1214-231X  |w vtls008413140 
852 |a Štátna vedecká knižnica v Banskej Bystrici 
910 |a snk 
999 |c 2129  |d 4059 
952 |0 0  |1 0  |4 0  |7 0  |8 4  |a SNK  |b SNK  |d 2023-05-18  |i snk2023/7938  |l 0  |o snkČSB 6759/A/14/2018  |p 17A1465954  |r 2026-02-21 19:48:50  |t supl. 1  |w 2026-02-21  |y PREZ 
952 |0 0  |1 0  |4 0  |7 0  |8 4  |a SNK  |b SNK  |d 2023-05-18  |i snk2023/7941  |l 0  |o snkČSB 6759/A/15/2019  |p 17A1465955  |r 2026-02-21 19:48:50  |t supl. 1  |w 2026-02-21  |y PREZ 
952 |0 0  |1 0  |4 0  |7 0  |8 1  |a SNK  |b SNK  |d 2018-08-22  |i snk2018/17172  |l 0  |o snkČSB 6759/A/4/2008  |p 17A1325680  |r 2026-02-21 20:23:08  |t č. 1-4  |w 2026-02-21  |y PREZ  |z Časopis je všitý v periodiku Kazuistiky v diabetologii (pod sign. ČSB 6759/6/2008) 
952 |0 0  |1 0  |4 0  |7 0  |8 1  |a SNK  |b SNK  |d 2018-08-22  |i snk2018/17190  |l 0  |o snkČSB 6759/A/6/2010  |p 17A1325684  |r 2026-02-21 20:24:12  |t len č. 1  |w 2026-02-21  |y PREZ  |z Časopis je všitý v periodiku Kazuistiky v diabetologii (pod sign. ČSB 6759/8/2010) 
952 |0 0  |1 0  |4 0  |7 0  |8 1  |a SNK  |b SNK  |d 2018-08-22  |i snk2018/17183  |l 0  |o snkČSB 6759/A/5/2009  |p 17A1325682  |r 2026-02-21 20:24:12  |t č. 1-4  |w 2026-02-21  |y PREZ  |z Časopis je všitý v periodiku Kazuistiky v diabetologii (pod sign. ČSB 6759/7/2009) 
952 |0 0  |1 0  |4 0  |7 0  |8 1  |a SNK  |b SNK  |d 2018-08-23  |i snk2018/17214  |l 0  |o snkČSB 6759/A/7/2011  |p 17A1325686  |r 2026-02-21 20:50:37  |t č. 1-4, neúplné  |w 2026-02-21  |y PREZ  |z Chýba č. 1 ; časopis je všitý v periodiku Kazuistiky v diabetologii (pod sign. ČSB 6759/9/2011) 
952 |0 0  |1 0  |4 0  |7 0  |8 1  |a SNK  |b SNK  |d 2018-08-23  |i snk2018/17235  |l 0  |o snkČSB 6759/A/9/2013  |p 17A1325690  |r 2026-02-21 21:03:18  |t č. 1-4  |w 2026-02-21  |y PREZ  |z Časopis je všitý v periodiku Kazuistiky v diabetologii (pod sign. ČSB 6759/11/2013) 
952 |0 0  |1 0  |4 0  |7 0  |8 1  |a SNK  |b SNK  |d 2018-08-23  |i snk2018/17224  |l 0  |o snkČSB 6759/A/8/2012  |p 17A1325688  |r 2026-02-21 21:24:20  |t č. 1-4, neúplné  |w 2026-02-21  |y PREZ  |z Chýba č. 1 ; časopis je všitý v periodiku Kazuistiky v diabetologii (pod sign. ČSB 6759/10/2012)